Statistics for Complete the Young Royals quote

Click here to take the quiz!

General Stats

  • This quiz has been taken 387 times
  • The average score is 21 of 26

Answer Stats

HintAnswer% Correct
a
97%
i
95%
All...the
93%
you
92%
are
91%
fake
91%
fake
91%
is
91%
is
91%
people
91%
that
90%
and
89%
like
89%
not
89%
But
88%
metal
86%
of
86%
made
85%
out
82%
they're
79%
it
62%
revolution
50%
beautiful
48%
*MUSIC*Let's
48%
start
48%
How
43%

Score Distribution

Percentile by Number Answered

Percent of People with Each Score

Your Score History

You have not taken this quiz